[Event "FIDE World Bl Team Pool D"]
[Site "London ENG"]
[Date "2025.06.14"]
[Round "7.4"]
[White "Ansat, Aldiyar"]
[Black "Kuka Kyle"]
[Result "1-0"]
[WhiteTitle "IM"]
[WhiteElo "2489"]
[BlackElo "1892"]
[WhiteTeam "KazChess"]
[BlackTeam "Equity Bank, Kenya"]
[WhiteFideId "13715658"]
[BlackFideId "10831533"]
[EventDate "2025.06.14"]
[EventType "team"]

1. e4 c6 2. d4 d5 3. Nc3 dxe4 4. Nxe4 Nf6 5. Nxf6+ exf6 6. Nf3 Bg4 7. Be2 Bd6 8.
O-O O-O 9. h3 Bh5 10. c4 Re8 11. Re1 Nd7 12. Be3 Nf8 13. Qb3 Rb8 14. Rad1 Qc7
15. Nh4 Bxe2 16. Rxe2 g6 17. Rde1 f5 18. Nf3 Ne6 19. d5 Nc5 20. Qc2 cxd5 21.
cxd5 Rbc8 22. Rc1 Ne4 23. Qxc7 Rxc7 24. Rxc7 Bxc7 25. Rc2 Bd6 26. Bxa7 Ra8 27.
Bd4 Bf8 28. a3 Rd8 29. Rc7 Rxd5 30. Rxb7 Nd2 31. Bc3 Nxf3+ 32. gxf3 Rd1+ 33. Kg2
Rd8 1-0

[Event "FIDE World Bl Team Pool D"]
[Site "London ENG"]
[Date "2025.06.14"]
[Round "7.6"]
[White "Aiten, Islam"]
[Black "Mutisya, Jully"]
[Result "1-0"]
[BlackTitle "WCM"]
[WhiteElo "1950"]
[BlackElo "1822"]
[WhiteTeam "KazChess"]
[BlackTeam "Equity Bank, Kenya"]
[WhiteFideId "13749420"]
[BlackFideId "10814922"]
[EventDate "2025.06.14"]
[EventType "team"]

1. d4 Nf6 2. Nc3 g6 3. e4 d6 4. f3 c6 5. a4 Nbd7 6. Be3 e5 7. g4 exd4 8. Bxd4
Ne5 9. h4 Bg7 10. Qd2 Be6 11. g5 Nh5 12. f4 Ng4 13. Bxg7 Nxg7 14. Nf3 Qb6 15.
Nd4 O-O 16. O-O-O c5 17. Nxe6 fxe6 18. Bh3 1-0

[Event "FIDE World Bl Team Pool D"]
[Site "London ENG"]
[Date "2025.06.14"]
[Round "7.1"]
[White "Grahn, Vidar"]
[Black "Sagalchik, Gennadij"]
[Result "0-1"]
[WhiteTitle "FM"]
[BlackTitle "GM"]
[WhiteElo "2239"]
[BlackElo "2434"]
[WhiteTeam "Uppsala SSS"]
[BlackTeam "Perfect"]
[WhiteFideId "1744780"]
[BlackFideId "2007916"]
[EventDate "2025.06.14"]
[EventType "team"]

1. e4 e5 2. Nf3 Nc6 3. Bb5 a6 4. Ba4 Nf6 5. O-O Nxe4 6. d4 b5 7. Bb3 d5 8. dxe5
Be6 9. c3 Be7 10. Nbd2 Nc5 11. Bc2 Bg4 12. h3 Bh5 13. Re1 Qd7 14. a4 b4 15. Nb3
Ne6 16. Nbd4 Ncxd4 17. cxd4 Bxf3 18. gxf3 c5 19. Bf5 g6 20. Bxe6 fxe6 21. Be3 c4
22. a5 O-O 23. Kg2 g5 24. Qd2 Rf5 25. Rg1 Qe8 26. Kf1 Qh5 27. Rg3 Rxf3 28. Qe2
Raf8 29. Ke1 b3 30. Kd2 Qf7 31. Rag1 Rxg3 32. Rxg3 Qf5 33. Kc1 Kh8 34. Rg1 Qxh3
35. Qd2 h6 36. f4 g4 37. f5 Rxf5 38. Bxh6 g3 39. Be3 Rf1+ 40. Rxf1 Qxf1+ 41. Qd1
g2 42. Bg1 Bg5+ 0-1

[Event "FIDE World Bl Team Pool D"]
[Site "London ENG"]
[Date "2025.06.14"]
[Round "7.2"]
[White "Atlas, Valery"]
[Black "Frank, Anton"]
[Result "1-0"]
[WhiteTitle "IM"]
[BlackTitle "CM"]
[WhiteElo "2401"]
[BlackElo "2183"]
[WhiteTeam "Perfect"]
[BlackTeam "Uppsala SSS"]
[WhiteFideId "12000035"]
[BlackFideId "1752383"]
[EventDate "2025.06.14"]
[EventType "team"]

1. e4 c5 2. Nf3 d6 3. c3 Nf6 4. g3 Nc6 5. d3 g6 6. Bg2 Bg7 7. O-O O-O 8. Re1 Rb8
9. a4 a6 10. h3 b5 11. axb5 axb5 12. e5 dxe5 13. Nxe5 Nxe5 14. Rxe5 c4 15. d4
Nd7 16. Re1 Bb7 17. Bf4 Bxg2 18. Kxg2 Ra8 19. Na3 Qb6 20. Rxe7 Nf6 21. Qf3 Rfe8
22. Be5 Rxa3 23. Rxe8+ Nxe8 24. Rxa3 Bxe5 25. dxe5 Nc7 26. Qf6 Qb7+ 27. Kh2 Nd5
28. Qd8+ Kg7 29. Ra8 g5 30. Qxg5# 1-0

[Event "FIDE World Bl Team Pool D"]
[Site "London ENG"]
[Date "2025.06.14"]
[Round "7.3"]
[White "Strom-Engdahl, Alexander"]
[Black "Zlotnik, Boris A"]
[Result "1-0"]
[WhiteTitle "FM"]
[BlackTitle "IM"]
[WhiteElo "2320"]
[BlackElo "2433"]
[WhiteTeam "Uppsala SSS"]
[BlackTeam "Perfect"]
[WhiteFideId "1741586"]
[BlackFideId "4101413"]
[EventDate "2025.06.14"]
[EventType "team"]

1. e4 e5 2. Nf3 Nc6 3. Bc4 Nf6 4. d3 h6 5. c3 d6 6. Bb3 g5 7. a4 Bg7 8. Na3 O-O
9. Nc4 Re8 10. Ne3 Na5 11. Ba2 Be6 12. Bxe6 Rxe6 13. b4 Nc6 14. b5 Ne7 15. Ba3
d5 16. Bxe7 Rxe7 17. Nf5 Re8 18. Qc2 a6 19. O-O c6 20. c4 dxe4 21. dxe4 Qc7 22.
Rac1 Red8 23. Qb1 axb5 24. axb5 Ne8 25. b6 Qd7 26. c5 Qe6 27. Rfd1 Nf6 28. h3
Nd7 29. Rd6 Qe8 30. Qc2 Nf8 31. Rcd1 Ne6 32. Rxd8 Rxd8 1-0

[Event "FIDE World Bl Team Pool D"]
[Site "London ENG"]
[Date "2025.06.14"]
[Round "7.4"]
[White "Slavin, Gennadie"]
[Black "Nilsson, Oliver"]
[Result "1-0"]
[WhiteElo "2207"]
[BlackElo "2129"]
[WhiteTeam "Perfect"]
[BlackTeam "Uppsala SSS"]
[WhiteFideId "4104870"]
[BlackFideId "1730177"]
[EventDate "2025.06.14"]
[EventType "team"]

1. Nf3 d5 2. b3 Bg4 3. Bb2 Nf6 4. e3 Nbd7 5. c4 e6 6. Nc3 c6 7. Be2 Bd6 8. h3
Bh5 9. O-O O-O 10. Rc1 Re8 11. d4 Ne4 12. Nxe4 dxe4 13. Nd2 Bg6 14. c5 Bc7 15.
b4 Nf6 16. b5 Nd5 17. Qa4 Qd7 18. Rb1 a6 19. bxc6 bxc6 20. Ba1 a5 21. Rb3 Reb8
22. Rfb1 Rxb3 23. Rxb3 Ra7 24. Nc4 f5 25. Nb6 Bxb6 26. cxb6 Rb7 27. Qxa5 Qd8 28.
Bc4 Bf7 29. Bxd5 exd5 30. Qc5 1-0

[Event "FIDE World Bl Team Pool D"]
[Site "London ENG"]
[Date "2025.06.14"]
[Round "7.5"]
[White "Ostensson, Julia"]
[Black "Arakhamia-Grant, Ketevan"]
[Result "1-0"]
[BlackTitle "GM"]
[WhiteElo "1996"]
[BlackElo "2269"]
[WhiteTeam "Uppsala SSS"]
[BlackTeam "Perfect"]
[WhiteFideId "1747703"]
[BlackFideId "13600168"]
[EventDate "2025.06.14"]
[EventType "team"]

1. d4 Nf6 2. c4 g6 3. Nf3 Bg7 4. e3 O-O 5. Be2 d6 6. O-O Nbd7 7. b4 e5 8. Bb2 e4
9. Nfd2 c6 10. f3 Qe7 11. f4 h5 12. Nc3 Re8 13. d5 c5 14. a3 a6 15. Qc2 b6 16.
h3 Nf8 17. Na4 Rb8 18. bxc5 bxc5 19. Rab1 Bf5 20. Bc3 N8d7 21. Ba5 h4 22. Rb3
Rxb3 23. Qxb3 Rb8 24. Qc2 Nf8 25. Rb1 Rb7 26. Nb3 Bh6 27. Be1 g5 28. fxg5 Bxg5
29. Bf2 Ng6 30. Na5 Rxb1+ 31. Qxb1 Qc7 32. Nc6 Bd7 33. Qb6 Qc8 34. Nc3 Bh6 1-0

[Event "FIDE World Bl Team Pool D"]
[Site "London ENG"]
[Date "2025.06.14"]
[Round "7.6"]
[White "Mindru, Valeriu"]
[Black "Morell, Edvin"]
[Result "0-1"]
[WhiteElo "1874"]
[BlackElo "1944"]
[WhiteTeam "Perfect"]
[BlackTeam "Uppsala SSS"]
[WhiteFideId "13905775"]
[BlackFideId "1722050"]
[EventDate "2025.06.14"]
[EventType "team"]

1. d4 Nf6 2. Nf3 c5 3. e3 g6 4. c4 Bg7 5. Nc3 O-O 6. d5 d6 7. h3 e6 8. e4 exd5
9. exd5 Re8+ 10. Be2 Na6 11. O-O Nc7 12. Bg5 h6 13. Be3 a6 14. a4 b6 15. Qd2 Kh7
16. Bd3 Rb8 17. Rfe1 Bd7 18. Bf4 Rxe1+ 19. Rxe1 Nfe8 20. Ne4 Bf5 21. g4 Bxe4 22.
Rxe4 b5 23. axb5 axb5 24. Qe2 bxc4 25. Bxc4 Rxb2 26. Qe3 Nf6 27. Re7 Nfxd5 28.
Kh2 0-1

[Event "FIDE World Bl Team Pool D"]
[Site "London ENG"]
[Date "2025.06.14"]
[Round "7.1"]
[White "Erigaisi, Arjun"]
[Black "Kantor, Gergely"]
[Result "1-0"]
[WhiteTitle "GM"]
[BlackTitle "GM"]
[WhiteElo "2782"]
[BlackElo "2584"]
[WhiteTeam "Team MGD1"]
[BlackTeam "Team Hungary"]
[WhiteFideId "35009192"]
[BlackFideId "751499"]
[EventDate "2025.06.14"]
[EventType "team"]

1. Nf3 d5 2. c4 d4 3. e3 c5 4. b4 Nf6 5. Bb2 dxe3 6. fxe3 cxb4 7. d4 g6 8. Bd3
Bg7 9. Nbd2 O-O 10. O-O Nc6 11. Qe1 a5 12. d5 e6 13. dxc6 Qxd3 14. Qh4 e5 15.
Bxe5 Ng4 16. Bxg7 Kxg7 17. cxb7 Bxb7 18. Qxg4 Rad8 19. Qf4 f6 20. Rf2 Rfe8 21.
Nd4 Qxe3 22. Qxf6+ Kg8 23. Qf7+ Kh8 24. Qxb7 Qxd4 25. Rf1 Re2 26. Nf3 Qe3 27.
Ng5 Qe7 28. Nf7+ 1-0

[Event "FIDE World Bl Team Pool D"]
[Site "London ENG"]
[Date "2025.06.14"]
[Round "7.2"]
[White "Erdos, Viktor"]
[Black "Anton Guijarro, David"]
[Result "1-0"]
[WhiteTitle "GM"]
[BlackTitle "GM"]
[WhiteElo "2545"]
[BlackElo "2642"]
[WhiteTeam "Team Hungary"]
[BlackTeam "Team MGD1"]
[WhiteFideId "719978"]
[BlackFideId "2285525"]
[EventDate "2025.06.14"]
[EventType "team"]

1. d4 d5 2. c4 e6 3. Nc3 Bb4 4. a3 Bxc3+ 5. bxc3 Nf6 6. cxd5 exd5 7. e3 Bf5 8.
f3 Nc6 9. Ra2 O-O 10. Ne2 Na5 11. Kf2 c5 12. Nf4 Rc8 13. g4 Bg6 14. h4 h5 15. g5
Ne8 16. Bh3 Rc6 17. a4 Nc4 18. dxc5 Rxc5 19. Qd4 b6 20. e4 Ned6 21. Nxd5 Re8 22.
Re2 Ra5 23. Qd1 Ne5 24. Rhe1 Kh8 25. Bf4 Nxf3 26. Kxf3 Nxe4 27. Rxe4 Rxe4 28.
Rxe4 Bxe4+ 29. Kxe4 Qe8+ 30. Kf3 Rxa4 31. Kg3 Qe4 32. Bg2 Qe8 33. Qxh5+ Kg8 34.
Qd1 Rc4 35. Qd3 Rc5 36. Be3 Qe5+ 37. Kf2 Rc8 38. Bd4 Qd6 39. Qe3 Qa3 40. Ne7+
Kf8 41. Nxc8 Qa2+ 42. Kg3 1-0

[Event "FIDE World Bl Team Pool D"]
[Site "London ENG"]
[Date "2025.06.14"]
[Round "7.3"]
[White "Pranav, V"]
[Black "Kozak, Adam"]
[Result "0-1"]
[WhiteTitle "GM"]
[BlackTitle "GM"]
[WhiteElo "2595"]
[BlackElo "2587"]
[WhiteTeam "Team MGD1"]
[BlackTeam "Team Hungary"]
[WhiteFideId "25060783"]
[BlackFideId "753246"]
[EventDate "2025.06.14"]
[EventType "team"]

1. e4 c5 2. Nf3 d6 3. Bb5+ Bd7 4. Bxd7+ Nxd7 5. O-O Ngf6 6. Re1 Rc8 7. c3 e6 8.
d4 cxd4 9. cxd4 d5 10. e5 Ne4 11. Nbd2 Nxd2 12. Bxd2 Be7 13. Rc1 O-O 14. Qa4 Nb6
15. Qxa7 Nc4 16. Bc3 Qd7 17. b3 Ra8 18. Qxa8 Rxa8 19. bxc4 dxc4 20. Re2 b5 21.
Rb1 h6 22. h3 Ra4 23. Reb2 b4 24. Bxb4 Bxb4 25. Rxb4 Rxb4 26. Rxb4 Qc6 27. Rb1
Qa4 28. Rc1 Qxa2 29. Kf1 Qa3 30. Rd1 c3 31. Ne1 Qa6+ 32. Kg1 Qe2 33. Rc1 Qd2 34.
Ra1 c2 35. Nxc2 Qxc2 36. Ra8+ Kh7 37. Ra7 Kg6 38. Rd7 Qe2 39. g3 h5 40. h4 Qf3
41. Kf1 Kh6 42. Kg1 g5 43. hxg5+ Kxg5 44. Rd8 Kg4 45. Kf1 Kh3 46. Ke1 Kg2 0-1

[Event "FIDE World Bl Team Pool D"]
[Site "London ENG"]
[Date "2025.06.14"]
[Round "7.4"]
[White "Ruck, Robert"]
[Black "Mendonca, Leon Luke"]
[Result "0-1"]
[WhiteTitle "GM"]
[BlackTitle "GM"]
[WhiteElo "2515"]
[BlackElo "2603"]
[WhiteTeam "Team Hungary"]
[BlackTeam "Team MGD1"]
[WhiteFideId "705713"]
[BlackFideId "35028561"]
[EventDate "2025.06.14"]
[EventType "team"]

1. Nf3 Nf6 2. c4 b6 3. g3 Bb7 4. Bg2 g6 5. O-O Bg7 6. d4 O-O 7. Qc2 c5 8. d5 b5
9. e4 bxc4 10. Nfd2 d6 11. Nxc4 Ba6 12. Re1 Nfd7 13. Nba3 Nb6 14. Ne3 N8d7 15.
Bd2 Rb8 16. Bc3 Bxc3 17. bxc3 c4 18. Qd2 Qc7 19. Nac2 Na4 20. Nb4 Bb5 21. h4 Nf6
22. Bf3 a5 23. Nbc2 Ba6 24. h5 Rb2 25. hxg6 fxg6 26. Kg2 Nc5 27. Ng4 Nd3 28. Re2
Qc5 29. Nxf6+ Rxf6 30. Rh1 Bc8 31. Qh6 Rf7 32. Rh4 Rxc2 33. Rxc2 Ne1+ 34. Kf1
Nxc2 35. Rf4 Rxf4 36. gxf4 Qa3 37. f5 Qxc3 38. fxg6 Qa1+ 39. Kg2 Qg7 0-1

[Event "FIDE World Bl Team Pool D"]
[Site "London ENG"]
[Date "2025.06.14"]
[Round "7.5"]
[White "Tsolakidou, Stavroula"]
[Black "Gaal, Zsoka"]
[Result "1/2-1/2"]
[WhiteTitle "IM"]
[BlackTitle "WGM"]
[WhiteElo "2428"]
[BlackElo "2391"]
[WhiteTeam "Team MGD1"]
[BlackTeam "Team Hungary"]
[WhiteFideId "4264312"]
[BlackFideId "777765"]
[EventDate "2025.06.14"]
[EventType "team"]

1. e4 c6 2. d4 d5 3. e5 Bf5 4. Nd2 e6 5. Nb3 h6 6. Nf3 Ne7 7. Be2 Nd7 8. O-O g5
9. a4 Qc7 10. a5 a6 11. c3 O-O-O 12. Ne1 f6 13. exf6 Nxf6 14. Nd3 Ng6 15. Nbc5
e5 16. dxe5 Nxe5 17. f4 Nxd3 18. Nxd3 Bd6 19. Be3 c5 20. h3 Ne4 21. Bg4 Bxg4 22.
Qxg4+ Kb8 23. Rf3 h5 24. Qe6 g4 25. Rff1 Rde8 26. Qxd5 Nf6 27. Qf5 Rxe3 28. Qxf6
Rf8 29. Qg6 gxh3 30. Rfe1 Bxf4 31. Nxf4 Qxf4 32. Rf1 h2+ 33. Kh1 Qxf1+ 34. Rxf1
Rxf1+ 35. Kxh2 h4 36. Qd6+ Ka8 37. Qd8+ Ka7 38. Qb6+ Ka8 39. Qxc5 Ree1 40. Qc8+
Ka7 41. Qc5+ Ka8 42. Qc8+ 1/2-1/2

[Event "FIDE World Bl Team Pool D"]
[Site "London ENG"]
[Date "2025.06.14"]
[Round "7.6"]
[White "Marton-John, Almos Kiran"]
[Black "Atharvaa P Tayade"]
[Result "1/2-1/2"]
[WhiteElo "1987"]
[BlackElo "1956"]
[WhiteTeam "Team Hungary"]
[BlackTeam "Team MGD1"]
[WhiteFideId "17013135"]
[BlackFideId "25042955"]
[EventDate "2025.06.14"]
[EventType "team"]

1. e4 c5 2. Nf3 d6 3. d4 cxd4 4. Nxd4 Nf6 5. Nc3 Nc6 6. f3 e5 7. Ndb5 a6 8. Na3
Be7 9. Bg5 O-O 10. Bxf6 Bxf6 11. Nd5 Bg5 12. g3 b5 13. c4 Nd4 14. Nc2 Ne6 15.
cxb5 axb5 16. Bg2 Bb7 17. O-O Nd4 18. f4 Bxd5 19. Nxd4 exd4 20. exd5 Bf6 21. Qd3
Re8 22. Rfe1 Qb6 23. a3 Re3 24. Rxe3 dxe3 25. Qe2 b4 26. Re1 bxa3 27. bxa3 Rxa3
28. Kh1 g6 29. Qc4 Rc3 30. Qe4 Qc5 31. Qf3 Rc2 32. h4 Bd4 33. Re2 Rc1+ 34. Kh2
Rc3 35. Re1 Rc2 36. Re2 Qc4 37. Bf1 Qd3 38. Rxc2 Qxc2+ 39. Qe2 Qc5 40. Bg2 Kg7
41. Bf3 Kf6 42. Kg2 h6 43. Kh3 g5 44. hxg5+ hxg5 45. fxg5+ Kxg5 46. Kg2 Be5 47.
Qd3 Kf6 48. Qe2 Ke7 49. Kh3 Qd4 50. Kg2 Bf6 51. Qe1 Qe5 52. Qe2 Qg5 53. g4 Qf4
54. Kf1 Be5 55. Ke1 Qd4 56. Kf1 Bf4 57. Kg2 Kf6 58. Kf1 Kg5 59. Kg2 Be5 60. Kh3
Qf4 61. Kg2 Qg3+ 62. Kf1 Kf4 63. Bh1 Bd4 64. Bg2 Ke5 65. Qf3 Qf4 66. Qxf4+ Kxf4
67. Ke2 Kxg4 68. Be4 Kf4 69. Bh1 Ke5 70. Kd3 Bc5 71. Ke2 Kd4 72. Bf3 1/2-1/2

[Event "FIDE World Bl Team Pool D"]
[Site "London ENG"]
[Date "2025.06.14"]
[Round "7.1"]
[White "Skytte, Rasmus"]
[Black "Amartuvshin, Ganzorig"]
[Result "1/2-1/2"]
[WhiteTitle "IM"]
[BlackTitle "IM"]
[WhiteElo "2367"]
[BlackElo "2430"]
[WhiteTeam "Danish Futures"]
[BlackTeam "Mongolia-A"]
[WhiteFideId "1404210"]
[BlackFideId "4902548"]
[EventDate "2025.06.14"]
[EventType "team"]

1. e4 c5 2. c3 d5 3. exd5 Qxd5 4. d4 Nf6 5. Nf3 Nc6 6. Be3 cxd4 7. cxd4 e6 8.
Nc3 Qd6 9. Bd3 Be7 10. O-O O-O 11. a3 b6 12. Ne4 Nxe4 13. Bxe4 Bb7 14. Rc1 Rac8
15. d5 Na5 16. Rxc8 Rxc8 17. Bg5 exd5 18. Bf5 Rd8 19. Re1 Bxg5 20. Nxg5 g6 21.
Nxf7 Kxf7 22. Be6+ Qxe6 23. Rxe6 Kxe6 24. Qd4 Nc4 25. f4 Kf7 26. g4 Re8 27. h4
Ne3 28. g5 Nf5 29. Qf6+ Kg8 30. h5 d4 31. hxg6 hxg6 32. Qxg6+ Ng7 33. Qd6 Be4
34. Qxd4 Bf5 35. Qf6 Re6 36. Qd8+ Kh7 37. Qc7 a5 38. b4 axb4 39. axb4 b5 40. Qb7
Re4 41. Qxb5 Rxf4 42. Qc5 Rg4+ 43. Kf2 Rxg5 44. b5 Rg6 45. b6 Be4 46. Qb4 Bc6
47. b7 Bxb7 48. Qxb7 Rf6+ 49. Kg3 Rg6+ 50. Kf3 Rf6+ 51. Ke4 Re6+ 52. Kd5 Kg6 53.
Qb1+ Kf7 54. Qf1+ Kg8 55. Qh3 Kf7 56. Qf3+ 1/2-1/2

[Event "FIDE World Bl Team Pool D"]
[Site "London ENG"]
[Date "2025.06.14"]
[Round "7.2"]
[White "Munkhdalai, Amilal"]
[Black "Kistrup, Nicolai"]
[Result "1-0"]
[WhiteTitle "IM"]
[BlackTitle "IM"]
[WhiteElo "2385"]
[BlackElo "2381"]
[WhiteTeam "Mongolia-A"]
[BlackTeam "Danish Futures"]
[WhiteFideId "4903250"]
[BlackFideId "1444816"]
[EventDate "2025.06.14"]
[EventType "team"]

1. e4 e5 2. Nf3 Nc6 3. Bb5 Nf6 4. O-O Nxe4 5. d4 Nd6 6. Bxc6 dxc6 7. dxe5 Nf5 8.
Qxd8+ Kxd8 9. h3 Be7 10. Nc3 Nh4 11. Nxh4 Bxh4 12. g3 Be7 13. g4 h5 14. f3 Be6
15. Kg2 b6 16. Be3 Kc8 17. Ne2 Bc4 18. Rae1 Bh4 19. Bf2 Bg5 20. b3 Bd5 21. c4
Be6 22. Nd4 Bd7 23. Be3 Bh4 24. Rd1 c5 25. Ne2 Bc6 26. Ng3 g6 27. Ne4 Kb7 28.
Ng5 hxg4 29. hxg4 Bxg5 30. Bxg5 Rh7 31. Bf6 Re8 32. Rh1 Rxh1 33. Rxh1 Bd7 34.
Kg3 a5 35. a4 c6 36. f4 b5 37. Kh4 bxc4 38. bxc4 Be6 39. Rc1 Kc7 40. Kg5 Rg8 41.
Be7 Rb8 42. f5 gxf5 43. gxf5 Rg8+ 44. Kf6 Bc8 45. Rf1 Rg4 46. Kxf7 Rxc4 47. Bd6+
Kb7 48. e6 Rxa4 1-0

[Event "FIDE World Bl Team Pool D"]
[Site "London ENG"]
[Date "2025.06.14"]
[Round "7.3"]
[White "Nilssen, Ellen Fredericia"]
[Black "Munkhzul, Turmunkh"]
[Result "1-0"]
[WhiteTitle "WIM"]
[BlackTitle "WGM"]
[WhiteElo "2160"]
[BlackElo "2236"]
[WhiteTeam "Danish Futures"]
[BlackTeam "Mongolia-A"]
[WhiteFideId "1441230"]
[BlackFideId "4901878"]
[EventDate "2025.06.14"]
[EventType "team"]

1. d4 Nf6 2. c4 e6 3. Nc3 Bb4 4. e3 O-O 5. Bd2 b6 6. Nf3 Bb7 7. Rc1 d6 8. Be2
Nbd7 9. O-O Bxc3 10. Bxc3 Ne4 11. b3 f5 12. Ba1 a5 13. Ne1 Qg5 14. Qd3 Rae8 15.
f3 Nef6 16. a3 f4 17. e4 e5 18. b4 axb4 19. axb4 Qh4 20. c5 bxc5 21. bxc5 dxc5
22. Qb3+ Kh8 23. Qxb7 exd4 24. Qxc7 Re5 25. Nd3 Rg5 26. Qxf4 Qh5 27. g4 Nxg4 28.
fxg4 Rxf4 29. Rxf4 Qe8 30. Rcf1 h6 31. h4 Rg6 32. Nxc5 Nf6 33. Bxd4 Ng8 34. Bc4
Qe7 35. h5 Rg5 36. Ne6 Qd6 37. Bxg7+ Rxg7 38. Nxg7 Qd4+ 39. Kg2 Qxc4 40. Nf5 Kh7
41. Nh4 Kh8 42. Ng6+ Kg7 43. e5 Qd5+ 44. Kg3 Qb3+ 45. R1f3 Qd5 46. Rf8 Qc4 47.
R8f6 Qd5 48. Rf7+ Qxf7 49. Rxf7+ Kxf7 50. Kf4 Ke6 51. Ke4 Kf7 52. Kf5 Kg7 53. e6
Nf6 54. Ne5 Nd5 55. Nc6 Ne3+ 56. Kf4 Nd5+ 57. Ke5 Nc7 58. Kd6 Ne8+ 59. Kd7 Nf6+
60. Kd8 Nxg4 61. e7 Nf6 62. Ne5 Kg8 63. e8=Q+ Nxe8 64. Kxe8 Kg7 65. Ke7 Kh7 66.
Kf6 1-0

[Event "FIDE World Bl Team Pool D"]
[Site "London ENG"]
[Date "2025.06.14"]
[Round "7.4"]
[White "Gan-Od, Sereenen"]
[Black "Skytte, Robert"]
[Result "1-0"]
[WhiteTitle "FM"]
[BlackTitle "CM"]
[WhiteElo "2320"]
[BlackElo "2015"]
[WhiteTeam "Mongolia-A"]
[BlackTeam "Danish Futures"]
[WhiteFideId "4901304"]
[BlackFideId "1471775"]
[EventDate "2025.06.14"]
[EventType "team"]

1. c4 e6 2. Nf3 Nf6 3. g3 d5 4. Bg2 Be7 5. O-O O-O 6. b3 c5 7. Bb2 Nc6 8. e3 d4
9. exd4 Nxd4 10. d3 Rb8 11. a3 b5 12. Nxd4 cxd4 13. Nd2 bxc4 14. Nxc4 Bb7 15. b4
Bxg2 16. Kxg2 Qd5+ 17. Qf3 Qxf3+ 18. Kxf3 Rfd8 19. Na5 Rbc8 20. Rac1 Kf8 21. Nc6
Rd7 22. Rc4 Rdc7 23. Rfc1 Bd6 24. Nxd4 Rxc4 25. dxc4 Ke7 26. Nb5 a6 27. Nxd6
Kxd6 28. c5+ Kc6 29. Bxf6 gxf6 30. Rd1 a5 31. Rd6+ Kb5 32. Rb6+ Kc4 33. c6 axb4
34. axb4 Rc7 35. b5 Kc5 36. Rb7 Rc8 37. c7 Kd6 38. b6 Kc6 39. Rb8 Rxc7 40. bxc7 1-0

[Event "FIDE World Bl Team Pool D"]
[Site "London ENG"]
[Date "2025.06.14"]
[Round "7.5"]
[White "Derlich, Sarah Sima"]
[Black "Uuriintuya, Uurtsaikh"]
[Result "0-1"]
[WhiteTitle "WCM"]
[BlackTitle "WGM"]
[WhiteElo "1926"]
[BlackElo "2141"]
[WhiteTeam "Danish Futures"]
[BlackTeam "Mongolia-A"]
[WhiteFideId "1469290"]
[BlackFideId "4900227"]
[EventDate "2025.06.14"]
[EventType "team"]

1. e4 c5 2. Nf3 g6 3. d4 cxd4 4. Nxd4 Bg7 5. Nc3 Nc6 6. Be3 Nf6 7. Be2 O-O 8.
O-O d5 9. exd5 Nb4 10. Bf3 Nbxd5 11. Nxd5 Nxd5 12. c3 Nxe3 13. fxe3 e5 14. Nb3
Qb6 15. Qe2 Bf5 16. Kh1 Rad8 17. e4 Be6 18. Qc2 a5 19. Be2 f5 20. Nd2 Qe3 21.
Nc4 Qc5 22. Nd2 b5 23. a4 Qe3 24. Nb3 fxe4 25. Bxb5 Rf4 26. Rae1 Qb6 27. Nd2 e3
28. Nc4 Bxc4 29. Rxf4 Bxb5 30. Qb3+ Kh8 31. Re4 Qc6 32. R4xe3 Bxa4 33. Qa3 Bc2
34. R3e2 Bf5 35. Qxa5 e4 36. Qb4 Re8 37. Kg1 Bf8 38. Qd4+ Bg7 39. Qb4 Qc7 40.
Rd2 Be5 41. g3 Qa7+ 42. Kg2 Bg7 43. Rd6 e3 44. Qc4 Qa8+ 45. Kg1 Bh3 46. Qe2 Rf8
47. Rdd1 Rf2 48. Qxf2 exf2+ 49. Kxf2 h6 50. Re7 Qf8+ 0-1

[Event "FIDE World Bl Team Pool D"]
[Site "London ENG"]
[Date "2025.06.14"]
[Round "7.6"]
[White "Han, Qixuan"]
[Black "Andries, Leia"]
[Result "1-0"]
[WhiteElo "1896"]
[BlackElo "1830"]
[WhiteTeam "Mongolia-A"]
[BlackTeam "Danish Futures"]
[WhiteFideId "496944"]
[BlackFideId "1469207"]
[EventDate "2025.06.14"]
[EventType "team"]

1. Nf3 c5 2. e3 Nf6 3. c4 Nc6 4. Nc3 e5 5. d4 e4 6. d5 exf3 7. dxc6 dxc6 8.
Qxd8+ Kxd8 9. gxf3 Bd6 10. b3 Be6 11. Bb2 Kc7 12. O-O-O Rad8 13. Bd3 Nd7 14. Ne4
Be5 15. Bxe5+ Nxe5 16. Nxc5 Nxf3 17. Nxe6+ fxe6 18. Be4 Ne5 19. Rhg1 g6 20. f4
Nd7 21. b4 Nf6 22. Bf3 b6 23. Kc2 a5 24. a3 axb4 25. axb4 Ra8 26. Ra1 Nd7 27.
Bg4 Kd6 28. Rgd1+ Ke7 29. Kb2 Nf6 30. Bf3 Rxa1 31. Rxa1 Rc8 32. Ra7+ Kd6 33. Rf7
Nd7 34. Rxh7 c5 35. b5 Rf8 36. Rg7 e5 37. Rxg6+ Kc7 38. Rc6+ Kd8 39. Bg4 exf4
40. Rd6 Rf7 41. Rxd7+ Rxd7 42. Bxd7 Kxd7 43. exf4 Ke6 44. Kc2 Kf5 45. Kd3 Kxf4
46. h4 Kg4 47. Ke4 Kxh4 48. Kd5 Kg4 49. Kc6 Kf5 50. Kxb6 Ke6 51. Kxc5 Kd7 52.
Kb6 Kc8 53. c5 Kb8 54. c6 Kc8 55. Ka7 Kc7 56. b6+ 1-0

[Event "FIDE World Bl Team Pool D"]
[Site "London ENG"]
[Date "2025.06.14"]
[Round "7.1"]
[White "Navara, David"]
[Black "Fernandez, Daniel Howard"]
[Result "1-0"]
[WhiteTitle "GM"]
[BlackTitle "GM"]
[WhiteElo "2657"]
[BlackElo "2484"]
[WhiteTeam "Hetman GKS Katowice"]
[BlackTeam "English Knightmares"]
[WhiteFideId "309095"]
[BlackFideId "5801605"]
[EventDate "2025.06.14"]
[EventType "team"]

1. d4 Nf6 2. c4 e6 3. Nc3 Bb4 4. e3 b6 5. Ne2 O-O 6. a3 Be7 7. e4 d6 8. Ng3 e5
9. d5 a5 10. Rb1 Re8 11. Bd3 g6 12. O-O Kg7 13. b4 axb4 14. axb4 h5 15. Nge2
Nbd7 16. Bd2 Nh7 17. Ra1 Bb7 18. Rxa8 Qxa8 19. Nb5 Qb8 20. Qa1 Bg5 21. f4 Bh6
22. Bc3 Kg8 23. f5 Ndf6 24. h3 c6 25. Na7 cxd5 26. cxd5 Kg7 27. Nc6 Bxc6 28.
dxc6 d5 29. fxg6 fxg6 30. exd5 Nxd5 31. b5 Nhf6 32. Kh1 Qd6 33. Bb1 h4 34. Qb2
Be3 35. Rd1 Qe7 36. Qc2 e4 37. Rxd5 1-0